[Event "Challenge"]
[Site "http://www.queenalice.com/game.php?id=1055637"]
[Date "2012.5.3"]
[Round "-"]
[White "Martial"]
[Black "Kirita"]
[Result "0-1"]
[WhiteElo "1510"]
[BlackElo "1887"]

1. e4 e5 2. Nf3 d6 3. Bb5+ c6 4. Ba4 b5 5. Bb3 Bg4 6. h3 Bxf3 7. Qxf3 Nf6 8. O-O
a5 9. a4 b4 10. d3 c5 11. Bg5 Be7 12. Bd5 Nxd5 13. Bxe7 Nxe7 14. Nd2 Nbc6 15.
Qg4 g6 16. b3 O-O 17. h4 h5 18. Qg3 Nd4 19. Qe3 Nxc2 20. Qg3 Nxa1 21. Rxa1 f5
22. f3 f4 23. Qg5 Kg7 24. Kf2 d5 0-1

[Event "Challenge"]
[Site "http://www.queenalice.com/game.php?id=1055660"]
[Date "2012.5.3"]
[Round "-"]
[White "Ebbe"]
[Black "Kirita"]
[Result "1-0"]
[WhiteElo "1880"]
[BlackElo "1780"]

1. d4 d5 2. c4 Nf6 3. Nc3 e6 4. Nf3 Bb4 5. Bd2 Bxc3 6. Bxc3 c6 7. c5 b6 8. b4 b5
9. a4 a6 10. axb5 cxb5 11. e3 O-O 12. Bd3 Nc6 13. O-O Qc7 14. Ne5 Ne4 15. Bxe4
dxe4 16. Nxc6 Qxc6 17. Qg4 f5 18. Qg3 g6 19. f3 Bb7 20. Qe5 Rf7 21. Be1 g5 22.
Bg3 h5 23. fxe4 Qxe4 24. Qxe4 Bxe4 25. Be5 h4 26. h3 Rfa7 27. Rac1 Bd3 28. Rf2
Bc4 29. Bf6 g4 30. hxg4 fxg4 31. Bxh4 Rh7 32. g3 Rf8 33. Rxf8+ Kxf8 34. Bd8 Rh3
35. Kg2 Bd5+ 36. Kf2 Rh2+ 37. Ke1 Ke8 38. Bg5 Rb2 39. c6 Bc4 40. Bf4 Rxb4 41. e4
Kd8 42. Rd1 Rb2 43. Rd2 Rb1+ 44. Kf2 a5 45. d5 exd5 46. exd5 Rb3 47. d6 Rd3 48.
Rxd3 Bxd3 49. Ke3 Bf5 50. Kd4 b4 51. d7 b3 52. Bc1 Be6 53. Bg5+ Kc7 54. d8=Q+
Kxc6 55. Qxa5 b2 56. Qc3+ Kd6 57. Qxb2 Bd5 58. Qb6+ Bc6 59. Bf4+ Kd7 60. Qc7+
1-0

[Event "Gambito da Dama"]
[Site "http://www.queenalice.com/game.php?id=1057470"]
[Date "2012.5.8"]
[Round "-"]
[White "DenianCXI"]
[Black "Kirita"]
[Result "1-0"]
[WhiteElo "1903"]
[BlackElo "1889"]

1. d4 d5 2. c4 Nc6 3. Nc3 dxc4 4. e3 b5 5. Nxb5 a6 6. Nc3 Be6 7. Qa4 Qd7 8. Bxc4
Bxc4 9. Qxc4 Nf6 10. Nf3 e6 11. O-O Bb4 12. Bd2 a5 13. a3 Bxc3 14. Bxc3 O-O 15.
Rac1 Qd5 16. Qxd5 Nxd5 17. Bd2 Nde7 18. Rc5 f5 19. Rfc1 Ra7 20. Rxc6 Nxc6 21.
Rxc6 Re8 22. Ng5 e5 23. dxe5 Rxe5 24. Ne6 Rd5 25. Be1 Rd6 26. Rxc7 Rxc7 27. Nxc7
Kf7 28. h4 Rd1 29. Kf1 Rb1 30. Nd5 a4 31. Nc3 Rxb2 32. Nxa4 Ra2 33. Bb4 Ra1+ 34.
Ke2 g6 35. Nc3 Ke6 36. Kf3 Ke5 37. e4 f4 38. Ne2 Rh1 39. g3 fxg3 40. fxg3 Rf1+
41. Ke3 Rf7 42. Bc3+ Ke6 43. Nf4+ Kd6 44. e5+ Kc5 45. Ke4 Kc4 46. Bb4 Rd7 47.
Ne6 Rd3 48. Kf4 Kd5 49. Nf8 Rd4+ 50. Kg5 h5 51. e6 Rg4+ 52. Kf6 Rxg3 53. e7 g5
54. e8=Q gxh4 55. Qxh5+ Ke4 56. Qxh4+ Kf3 57. Ne6 Rg4 58. Nd4+ Kf4 59. Bd2+ 1-0

[Event "Challenge"]
[Site "http://www.queenalice.com/game.php?id=1058252"]
[Date "2012.5.10"]
[Round "-"]
[White "cardosorafael"]
[Black "Kirita"]
[Result "1-0"]
[WhiteElo "2002"]
[BlackElo "1879"]

1. e4 e5 2. Nf3 d6 3. d4 Bg4 4. dxe5 Bxf3 5. Qxf3 dxe5 6. Bc4 Nf6 7. O-O Bc5 8.
Bg5 Nbd7 9. Re1 O-O 10. Nd2 a6 11. Rad1 b5 12. Bb3 a5 13. a3 a4 14. Ba2 Ra6 15.
Qe2 c6 16. Nf3 Be7 17. Nxe5 Ra7 18. Nxc6 Qc7 19. Nxa7 Qxa7 20. Bxf6 Bxf6 21.
Qxb5 Nc5 22. e5 Bg5 23. e6 Nxe6 24. Bxe6 Bh4 25. Qe2 fxe6 26. Qxe6+ Qf7 27.
Qxf7+ Rxf7 28. Re8+ Rf8 29. Rxf8+ Kxf8 30. Rd7 h6 31. b3 axb3 32. cxb3 g6 33.
Kf1 Ke8 34. Rb7 Kd8 35. a4 Kc8 36. Rg7 Bg5 37. Rxg6 Kc7 38. Rxg5 hxg5 39. Ke2
Kc6 40. Kf3 1-0

[Event "Let's Play Chess!"]
[Site "http://www.queenalice.com/game.php?id=1059564"]
[Date "2012.5.14"]
[Round "-"]
[White "Kirita"]
[Black "dnptrs"]
[Result "0-1"]
[WhiteElo "1874"]
[BlackElo "2194"]

1. e4 c5 2. e5 g6 3. d4 cxd4 4. Qxd4 Bg7 5. f4 Nc6 6. Qe4 f6 7. exf6 Nxf6 8. Qa4
O-O 9. Nf3 Qb6 10. Nc3 e6 11. Qb5 Qc7 12. Qb3 a6 13. Bd2 b5 14. a4 b4 15. Na2 a5
16. c3 Ne4 17. cxb4 Nxd2 18. Nxd2 Nd4 19. Rc1 Qxf4 20. Qg3 Qxg3+ 21. hxg3 Nf5
22. g4 Ne3 23. g5 axb4 24. Bb5 Nxg2+ 25. Ke2 Nf4+ 26. Ke3 Nd5+ 27. Kd3 Bxb2 28.
Rb1 Bb7 29. Rhf1 Rxf1 30. Nxf1 Bc3 31. Nxc3 Nxc3 32. Rxb4 Nxb5 33. axb5 Rb8 34.
Ne3 Bf3 35. Nc4 h5 36. gxh6 Kh7 37. Ne5 Bg2 38. Ng4 Rxb5 39. Rxb5 Bf1+ 40. Kd4
Bxb5 41. Kc5 Bc6 42. Kd6 Ba4 43. Kc5 d5 44. Kd6 d4 45. Ne5 Bc2 46. Nf3 d3 47.
Nd2 g5 48. Kxe6 g4 49. Ne4 g3 50. Nd2 g2 51. Nf3 d2 52. Nxd2 g1=Q 0-1

[Event "Challenge"]
[Site "http://www.queenalice.com/game.php?id=1066552"]
[Date "2012.5.31"]
[Round "-"]
[White "Hourglass"]
[Black "Kirita"]
[Result "1-0"]
[WhiteElo "1995"]
[BlackElo "1860"]

1. e4 e5 2. Nf3 d6 3. d4 f6 4. Bc4 Bg4 5. Be3 Nc6 6. Nbd2 exd4 7. Bf4 g5 8. h3
Bxf3 9. Nxf3 gxf4 10. Nxd4 Nxd4 11. Qxd4 c5 12. Bb5+ Ke7 13. Qd5 Qc7 14. O-O-O
a6 15. Bc4 Kd8 16. Qe6 Be7 17. Rd5 b5 18. Be2 Qd7 19. Qf7 Kc7 20. Rhd1 Nh6 21.
Qg7 Rag8 22. Qxh6 Rg6 23. Qxf4 Rxg2 24. Rxc5+ Kb6 25. Rcd5 Rd8 26. Qe3+ Kb7 27.
Bf3 Rg6 28. e5 fxe5 29. Rxd6+ Kc8 30. Rxd7 Rxd7 31. Bg4 Bg5 32. Bxd7+ Kd8 33.
Bf5+ Ke7 34. Bxg6 Bxe3+ 35. fxe3 hxg6 36. e4 Ke6 37. a3 g5 38. b4 Kf6 39. Rd6+
Ke7 40. Rxa6 Kd7 41. Rg6 Ke7 42. Rxg5 Kf6 43. Rg1 Ke6 44. h4 1-0

[Event "Challenge"]
[Site "http://www.queenalice.com/game.php?id=1066557"]
[Date "2012.5.31"]
[Round "-"]
[White "albertopontello"]
[Black "Kirita"]
[Result "1-0"]
[WhiteElo "1842"]
[BlackElo "1813"]

1. e4 e5 2. Nf3 d6 3. Nc3 Bg4 4. h3 Bxf3 5. Qxf3 Nf6 6. d3 a6 7. Bg5 Be7 8. Qg3
Nbd7 9. Be2 c5 10. Bxf6 Bxf6 11. Nd1 O-O 12. h4 b5 13. h5 Qa5+ 14. c3 b4 15. O-O
Qd8 16. Ne3 Bh4 17. Qh3 g6 18. h6 Bg5 19. Nd5 Nb6 20. Ne3 a5 21. a4 d5 22. Rad1
Nxa4 23. Nxd5 Nxb2 24. Ra1 f5 25. Ra2 bxc3 26. Nxc3 Nxd3 27. Bxd3 f4 28. Rd1 Qd4
29. Qe6+ Kh8 30. Nb5 Qd8 31. Nd6 Rf6 32. Nf7+ Rxf7 33. Qxf7 Bxh6 34. Rad2 f3 35.
Bc4 Bxd2 36. Rxd2 Qg8 37. Qxg8+ Rxg8 38. Bxg8 Kxg8 39. g3 g5 40. Rc2 h5 41. Rxc5
h4 42. gxh4 gxh4 43. Rxa5 Kf7 44. Rxe5 Kf6 45. Rf5+ Kg6 46. Kh2 1-0

[Event "Challenge"]
[Site "http://www.queenalice.com/game.php?id=1066807"]
[Date "2012.6.1"]
[Round "-"]
[White "Kirita"]
[Black "albertopontello"]
[Result "0-1"]
[WhiteElo "1862"]
[BlackElo "1803"]

1. e4 e5 2. d4 exd4 3. Qxd4 Nc6 4. Qd1 Bc5 5. Qe2 d6 6. a3 Nf6 7. Bg5 O-O 8. b4
Bb6 9. Nf3 Re8 10. Nc3 Nd4 11. Nxd4 Bxd4 12. O-O-O Bxc3 13. Bxf6 Qxf6 14. f3
Bb2+ 15. Kb1 Bxa3 16. e5 Rxe5 17. Qc4 Re1 18. Rxe1 Qb2# 0-1

[Event "Challenge"]
[Site "http://www.queenalice.com/game.php?id=1067350"]
[Date "2012.6.2"]
[Round "-"]
[White "pomar"]
[Black "Kirita"]
[Result "1-0"]
[WhiteElo "1986"]
[BlackElo "1871"]

1. f3 e5 2. Kf2 d5 3. e3 Bc5 4. c4 d4 5. Qb3 Nc6 6. Qb5 Qd6 7. a3 a6 8. Qa4 Bd7
9. Qc2 g6 10. b4 dxe3+ 11. dxe3 Nd4 12. Qd3 Ba7 13. c5 Qd5 14. exd4 exd4 15. Bb2
Bf5 16. Qxd4 Qxd4+ 17. Bxd4 f6 18. Bc4 c6 19. Bxg8 Rxg8 20. Bxf6 Kf7 21. Bg5
Rge8 22. Ne2 h5 23. Re1 b6 24. Be3 b5 25. Nd2 Re6 26. Nd4 Rf6 27. Bg5 Bb8 28.
Bxf6 Kxf6 29. Nxc6 Bc7 30. Ne4+ Kg7 31. Rad1 Bxh2 32. g3 Bxe4 33. Rxe4 g5 34.
Re7+ Kf6 35. Rd6+ Kf5 36. Nd4# 1-0

[Event "Let's Play Chess!"]
[Site "http://www.queenalice.com/game.php?id=1069868"]
[Date "2012.6.9"]
[Round "-"]
[White "Kirita"]
[Black "Zorro64"]
[Result "0-1"]
[WhiteElo "1868"]
[BlackElo "2124"]

1. d4 Nc6 2. d5 Ne5 3. e4 c6 4. c4 e6 5. Nc3 Bc5 6. Be3 Bb4 7. Bd4 d6 8. Bxe5
dxe5 9. dxc6 Qd4 10. Bd3 Bxc3+ 11. bxc3 Qxc3+ 12. Kf1 Nf6 13. Ne2 Qa5 14. cxb7
Bxb7 15. a4 Bxe4 16. f3 Bxd3 17. Qxd3 O-O 18. g4 e4 19. Qe3 Rfd8 20. Nd4 Qc5 21.
Kf2 Qxd4 22. Qxd4 Rxd4 23. c5 Rc8 24. g5 Nd7 25. Rhd1 e5 26. Rxd4 exd4 27. fxe4
Rxc5 28. h4 g6 29. Rd1 Rc4 30. a5 Nc5 31. Kf3 d3 32. e5 Rxh4 33. Kg3 Re4 34. e6
fxe6 35. Kf3 e5 36. Kg3 Ra4 37. Kf3 Rxa5 0-1

[Event "Let's Play Chess!"]
[Site "http://www.queenalice.com/game.php?id=1069909"]
[Date "2012.6.9"]
[Round "-"]
[White "Zorro64"]
[Black "Kirita"]
[Result "1/2-1/2"]
[WhiteElo "2069"]
[BlackElo "1871"]

1. e4 e5 2. d4 d5 3. Nf3 exd4 4. Qxd4 dxe4 5. Qxe4+ Be7 6. Bc4 Nf6 7. Qe2 Bg4 8.
Bxf7+ Kxf7 9. Ne5+ Kf8 10. Nxg4 Nc6 11. O-O Qd4 12. Nxf6 Bxf6 13. Rd1 Qe5 14.
Qxe5 Bxe5 15. Na3 Rd8 16. Rxd8+ Nxd8 17. c3 Kf7 18. f4 Bd6 19. Nc4 Bc5+ 20. Be3
Bxe3+ 21. Nxe3 Re8 22. Kf2 1/2-1/2

[Event "Challenge"]
[Site "http://www.queenalice.com/game.php?id=1073283"]
[Date "2012.6.17"]
[Round "-"]
[White "Paulsains"]
[Black "Kirita"]
[Result "1-0"]
[WhiteElo "1921"]
[BlackElo "1825"]

1. e4 e5 2. Nf3 d6 3. Bc4 Bg4 4. Be2 Bxf3 5. Bxf3 Nf6 6. O-O Nc6 7. d3 Nd4 8.
Nc3 a5 9. Be3 c5 10. Bxd4 cxd4 11. Nb5 d5 12. exd5 Bc5 13. d6 Bxd6 14. Nxd6+
Qxd6 15. Bxb7 Rb8 16. Qf3 O-O 17. b3 Qb4 18. Ba6 Qc5 19. Bc4 Rfe8 20. Rfe1 Re7
21. Qg3 Rbe8 22. Re2 Nh5 23. Qg4 Nf6 24. Qf5 Qc6 25. Rae1 e4 26. dxe4 g6 27. Qf3
Kg7 28. e5 Qxf3 29. gxf3 Nd7 30. e6 f6 31. exd7 Rxe2 32. Rxe2 Rd8 33. Re7+ Kh6
34. Be6 f5 35. Re8 Rxd7 36. Bxd7 1-0

[Event "Challenge"]
[Site "http://www.queenalice.com/game.php?id=1073284"]
[Date "2012.6.17"]
[Round "-"]
[White "Andrez"]
[Black "Kirita"]
[Result "1-0"]
[WhiteElo "2029"]
[BlackElo "1844"]

1. f4 d5 2. Nf3 d4 3. g3 c5 4. c3 dxc3 5. Nxc3 Nf6 6. Bg2 Qc7 7. O-O e6 8. b3
Bd6 9. Bb2 O-O 10. e4 e5 11. Nb5 Qb6 12. Nxd6 Qxd6 13. fxe5 Qd3 14. exf6 g6 15.
Ne5 Qb5 16. d4 Nd7 17. Ng4 h5 18. Nh6+ Kh7 19. Qd2 c4 20. bxc4 Qxc4 21. e5 Rb8
22. Be4 b6 23. Nf5 Bb7 24. Qh6+ Kg8 25. Qg7# 1-0

[Event "Challenge"]
[Site "http://www.queenalice.com/game.php?id=1073285"]
[Date "2012.6.17"]
[Round "-"]
[White "Kirita"]
[Black "charles31"]
[Result "0-1"]
[WhiteElo "1846"]
[BlackElo "1717"]

1. e4 e5 2. Nf3 d6 3. d3 Nc6 4. Be2 h6 5. O-O Be6 6. c4 g5 7. h3 f6 8. Nc3 h5 9.
Nh2 Qd7 10. Bxh5+ Bf7 11. g4 Bxh5 12. gxh5 Qxh3 13. Qf3 Qxh5 14. Qxh5+ Rxh5 15.
Ng4 O-O-O 16. Kg2 Nd4 17. Be3 c6 18. Bxd4 exd4 19. Ne2 c5 20. f4 gxf4 21. Nxf4
Rg5 22. Kg3 Nh6 23. Ne6 Rxg4+ 24. Kh3 Re8 25. Rxf6 Rg8 26. Nxf8 Rexf8 27. Rxh6
Kc7 28. Rd1 Rf3+ 29. Kh2 Rf2+ 30. Kh3 Rxb2 31. Rf1 Rxa2 32. Rf7+ Kc6 33. e5 Rd8
34. e6 Re8 35. Rff6 Re7 36. Rf7 Re8 37. Rhf6 Ra1 38. Rf8 Re7 39. Kg2 Re1 40.
Rc8+ Kb6 41. Rf2 R1xe6 42. Rb2+ Ka5 43. Ra2+ Kb4 44. Rxa7 Rf6 45. Rg8 Kc3 46.
Ra3+ Kb4 47. Ra2 Kb3 48. Ra5 Rfe6 49. Rg3 Kb2 50. Kh2 Rh7+ 51. Kg1 Rf7 52. Rb5+
Kc3 53. Rb1 Re3 54. Rg6 Kxd3 55. Rxd6 Kxc4 56. Rc1+ Kb5 57. Rb1+ Ka4 58. Rdb6
Ka5 59. R6b5+ Ka6 60. R5b2 Ka7 61. Rg2 b6 62. Rg6 Rb7 63. Ra1+ Kb8 64. Rg8+ Kc7
65. Rg7+ Kc6 66. Rg6+ Kd5 67. Rg5+ Re5 68. Rg4 b5 69. Rg8 b4 70. Kf2 Rf7+ 71.
Kg1 b3 72. Rb1 Rb7 73. Rd8+ Kc4 74. Rc1+ Kb4 75. Rb1 Re2 76. Kf1 Ra2 77. Re8 c4
78. Re2 Rxe2 79. Kxe2 Re7+ 80. Kf3 c3 81. Rd1 Re3+ 82. Kf2 Kc4 83. Ra1 c2 84.
Ra7 Kd3 85. Rb7 Kd2 86. Rd7 d3 87. Rc7 Re2+ 88. Kf3 c1=Q 89. Rxc1 Kxc1 0-1

[Event "Challenge"]
[Site "http://www.queenalice.com/game.php?id=1073286"]
[Date "2012.6.17"]
[Round "-"]
[White "betofortaleza"]
[Black "Kirita"]
[Result "1-0"]
[WhiteElo "1868"]
[BlackElo "1835"]

1. e4 e5 2. Bc4 d6 3. Nf3 Bg4 4. h3 Bxf3 5. Qxf3 Nf6 6. Qb3 Qd7 7. Qxb7 Qc6 8.
Bb5 Qxb5 9. Qxb5+ c6 10. Qb7 a6 11. Qxa8 Nd7 12. Qb7 Be7 13. d3 O-O 14. Be3 c5
15. Nc3 h6 16. Nd5 Bd8 17. g4 Bh4 18. Nb6 Nf6 19. O-O-O a5 20. Qc7 d5 21. Bxc5
Re8 22. Be7 Bg5+ 23. Kb1 d4 24. h4 Nxg4 25. hxg5 Nxf2 26. gxh6 Nxd1 27. hxg7 Nc6
28. Bf6 Re6 29. Rh8# 1-0

[Event "Challenge"]
[Site "http://www.queenalice.com/game.php?id=1073287"]
[Date "2012.6.17"]
[Round "-"]
[White "charles31"]
[Black "Kirita"]
[Result "0-1"]
[WhiteElo "1828"]
[BlackElo "1809"]

1. e4 e5 2. Nf3 d6 3. h3 Nf6 4. Nc3 Be6 5. Bb5+ c6 6. Ba4 b5 7. Bb3 b4 8. Bxe6
bxc3 9. dxc3 Nxe4 10. Bf5 Nc5 11. Bg5 f6 12. Bd2 g6 13. Bd3 e4 14. Bxe4 Nxe4 15.
Nd4 Qd7 16. Qe2 Qe7 17. O-O-O h5 18. f3 Ng3 19. Qxe7+ Kxe7 20. Rhe1+ Kd7 21. Bf4
h4 22. Nb3 Bh6 23. Rxd6+ Kc8 24. Rxf6 Bxf4+ 25. Rxf4 g5 26. Rf7 Nd7 27. Ree7 Rd8
28. Rg7 Nf5 29. Ref7 Nxg7 30. Rxg7 Kc7 31. Rxg5 Rg8 32. Rg4 Ne5 33. Rxh4 Rxg2
34. Rf4 Rf2 35. Rf5 Nxf3 36. Nd2 Re8 37. Nxf3 Rf1+ 38. Kd2 Rf2+ 39. Kd3 Rd8+ 40.
Ke3 Rxc2 41. Rf7+ Kb6 42. Nd4 Rxb2 43. Rf6 Re8+ 44. Kd3 Rc8 45. h4 Rxa2 46. h5
Kc5 47. h6 Rh2 48. Nb3+ Kb5 49. Nd4+ Kc5 50. Ne6+ Kd5 51. Ng5 Ke5 52. Rf1 Rd8+
53. Kc4 Rh4+ 54. Kb3 Rg8 55. Re1+ Kd6 56. Ne4+ Kc7 57. Nf6 Rg6 58. Re7+ Kd6 59.
Rxa7 Rxf6 60. h7 Rfh6 61. c4 Rxh7 62. Ra6 Kc5 63. Ra5+ Kd4 64. Ra4 Rb7+ 65. Kc2
Rh2+ 66. Kd1 Rb1# 0-1

[Event "Challenge"]
[Site "http://www.queenalice.com/game.php?id=1074816"]
[Date "2012.6.21"]
[Round "-"]
[White "Kirita"]
[Black "Greeley"]
[Result "1-0"]
[WhiteElo "1826"]
[BlackElo "2096"]

1. d4 Nf6 2. d5 d6 3. c4 c5 4. Qd3 g6 5. e4 Bg7 6. Nc3 O-O 7. Nf3 a6 8. Be2 Bd7
9. O-O b5 10. b3 bxc4 11. bxc4 Qa5 12. Bd2 Qc7 13. Bf4 Nh5 14. Be3 f5 15. Ng5
fxe4 16. Ncxe4 Nf6 17. Rac1 Nxe4 18. Qxe4 Bf5 19. Qh4 h6 20. Ne6 Bxe6 21. dxe6
Kh7 22. Bd3 Nc6 23. Be4 Ra7 24. f4 Nd4 25. Bxd4 Bxd4+ 26. Kh1 Bf6 27. Qh3 Qa5
28. Rc2 Rb8 29. g4 Kg7 30. g5 hxg5 31. fxg5 Bxg5 32. Rf7+ 1-0

[Event "Challenge"]
[Site "http://www.queenalice.com/game.php?id=1074817"]
[Date "2012.6.21"]
[Round "-"]
[White "Greeley"]
[Black "Kirita"]
[Result "1-0"]
[WhiteElo "2079"]
[BlackElo "1853"]

1. b4 e5 2. Bb2 Bxb4 3. Bxe5 f6 4. Bb2 d5 5. e3 Be6 6. c4 c6 7. cxd5 Bxd5 8. Nc3
Bxc3 9. Bxc3 Nh6 10. Nf3 O-O 11. Be2 Nd7 12. d4 b5 13. a4 a6 14. axb5 cxb5 15.
Ba5 Qe7 16. O-O g5 17. Qb1 Rf7 18. Bb4 Qe6 19. Rc1 g4 20. Ne1 f5 21. g3 Nb6 22.
Ng2 Bc4 23. Nf4 Qe4 24. Qxe4 fxe4 25. Ba5 Bxe2 26. Nxe2 Nc4 27. Bc3 Raf8 28.
Rxa6 Rxf2 29. Nf4 Rf3 30. Rxh6 Nxe3 31. Bb4 Rf7 32. Re6 R3xf4 33. gxf4 Rxf4 34.
Bd2 Kf7 35. Bxe3 Rf3 36. Rxe4 Kf6 37. Re5 b4 38. Rb1 g3 39. Rxb4 gxh2+ 40. Kxh2
Rf1 41. Kg2 Ra1 42. Rb6+ Kg7 43. Re7+ 1-0

[Event "Let's Play Chess!"]
[Site "http://www.queenalice.com/game.php?id=1075953"]
[Date "2012.6.25"]
[Round "-"]
[White "Kirita"]
[Black "charles31"]
[Result "0-1"]
[WhiteElo "1798"]
[BlackElo "1757"]

1. d4 d5 2. Nf3 h6 3. Nc3 Nf6 4. Bf4 a6 5. e3 Bg4 6. Be2 Ne4 7. Nxe4 dxe4 8. Ne5
Bxe2 9. Qxe2 g5 10. Bg3 Nd7 11. O-O Nxe5 12. Bxe5 f6 13. Qh5+ Kd7 14. Bg3 Kc6
15. c4 b6 16. b4 Kb7 17. Qg4 h5 18. Qxe4+ c6 19. a4 Qd7 20. Rfd1 Bg7 21. Ra3 f5
22. Qc2 Rad8 23. h4 gxh4 24. Bxh4 Rdg8 25. d5 Bf6 26. Bxf6 exf6 27. f4 Rd8 28.
Rad3 c5 29. b5 a5 30. Kf2 h4 31. Rh1 Qg7 32. Kf1 h3 33. Rh2 Rdg8 34. d6 hxg2+
35. Rxg2 Rh1+ 36. Rg1 Qxg1+ 37. Ke2 Qe1+ 38. Kf3 Rf1+ 39. Qf2 Qxf2# 0-1

[Event "Let's Play Chess!"]
[Site "http://www.queenalice.com/game.php?id=1083346"]
[Date "2012.7.16"]
[Round "-"]
[White "charles31"]
[Black "Kirita"]
[Result "0-1"]
[WhiteElo "1779"]
[BlackElo "1786"]

1. Nc3 e5 2. e4 Nf6 3. a3 d5 4. exd5 Nxd5 5. Nxd5 Qxd5 6. h3 Be6 7. b3 f6 8. Bb2
Nc6 9. Nf3 O-O-O 10. Bc4 Qd6 11. Bxe6+ Qxe6 12. d3 h5 13. c4 g5 14. Qe2 g4 15.
hxg4 Qxg4 16. Rg1 Bd6 17. O-O-O Rhe8 18. Qe3 Qf5 19. Nh4 Qh7 20. b4 b6 21. Rd2
Nd4 22. Bxd4 exd4 23. Qf3 Be5 24. g4 Rg8 25. Qa8+ Kd7 26. Qd5+ Ke8 27. Qe6+ Kf8
28. f3 Qe7 29. Qf5 Qg7 30. Re2 Qg5+ 31. Qxg5 fxg5 32. Nf5 Bf4+ 33. Kc2 h4 34.
Re4 c5 35. b5 h3 36. Re7 h2 37. Rh1 Re8 38. Rxa7 Re2+ 39. Kd1 Rd2+ 40. Ke1 Rxd3
41. Ra8+ Kf7 42. Nh6+ Kg7 43. Nxg8 Rxf3 44. Ke2 Re3+ 45. Kf2 Bg3+ 46. Kg2 Bf4
47. Kf2 Rc3 48. Ne7 Rxc4 49. Nd5 Rc2+ 50. Kf3 d3 51. Nxf4 gxf4 52. Rd8 c4 53.
Rd6 d2 54. Rd1 c3 55. R6xd2 Rxd2 56. Kxf4 Rxd1 0-1

[Event "Let's Play Chess!"]
[Site "http://www.queenalice.com/game.php?id=1083347"]
[Date "2012.7.16"]
[Round "-"]
[White "Kirita"]
[Black "charles31"]
[Result "1-0"]
[WhiteElo "1768"]
[BlackElo "1808"]

1. e4 e5 2. d4 exd4 3. Qxd4 Nc6 4. Qd1 h6 5. Bf4 a6 6. f3 Bb4+ 7. c3 Ba5 8. b4
Bb6 9. Bg3 Bxg1 10. Rxg1 d6 11. b5 axb5 12. Bxb5 Bd7 13. a4 Qg5 14. Nd2 Ne5 15.
Bxd7+ Nxd7 16. Qb3 Nc5 17. Qc2 Nf6 18. f4 Qg6 19. f5 Qg4 20. Rf1 Nfxe4 21. Rf4
Qg5 22. Nxe4 Nxe4 23. Qxe4+ Kd7 24. Bh4 Rae8 25. Bxg5 hxg5 26. Rg4 Rxe4+ 27.
Rxe4 f6 28. h3 Ra8 29. h4 d5 30. Rg4 Rh8 31. g3 gxh4 32. Rxh4 Re8+ 33. Kd2 Re5
34. g4 Re7 35. a5 c5 36. a6 bxa6 37. Rxa6 Kc8 38. Rc6+ Rc7 39. Rh8+ Kb7 40.
Rxc7+ Kxc7 41. Rh7 Kd6 42. Rxg7 c4 43. Ke3 1-0

[Event "Challenge"]
[Site "http://www.queenalice.com/game.php?id=1083354"]
[Date "2012.7.16"]
[Round "-"]
[White "betofortaleza"]
[Black "Kirita"]
[Result "1-0"]
[WhiteElo "1874"]
[BlackElo "1802"]

1. e4 e5 2. Bc4 Nf6 3. d3 a6 4. Be3 b5 5. Bb3 Nc6 6. Nc3 Bb4 7. Qd2 Nd4 8. Nge2
c5 9. O-O d5 10. a3 Bxc3 11. bxc3 Nxe2+ 12. Qxe2 c4 13. Ba2 dxe4 14. dxc4 Bg4
15. Qe1 Qa5 16. Bb3 Be6 17. cxb5 Qxb5 18. c4 Qc6 19. Qb4 Nd7 20. Rfd1 Nc5 21.
Bxc5 Bd7 22. Qd2 Rd8 23. Qg5 Qg6 24. Qxe5+ Qe6 25. Qxg7 Rf8 26. Qxf8# 1-0

[Event "Let's Play Chess!"]
[Site "http://www.queenalice.com/game.php?id=1083631"]
[Date "2012.7.17"]
[Round "-"]
[White "Kirita"]
[Black "Kingfish"]
[Result "0-1"]
[WhiteElo "1789"]
[BlackElo "2050"]

1. e4 Nf6 2. e5 Nd5 3. d4 d6 4. f4 Bf5 5. a3 e6 6. Bc4 Nb6 7. Bb3 d5 8. g4 Qh4+
9. Kf1 Bxg4 10. Qd3 Bf5 11. Qg3 Qxg3 12. hxg3 c5 13. dxc5 Bxc5 14. Nc3 a6 15.
Rh2 N8d7 16. Nf3 Be7 17. a4 Rc8 18. a5 Nc4 19. Bxc4 Rxc4 20. Be3 Bc5 21. Bxc5
Rxc5 22. Nd4 O-O 23. Ke2 Bg4+ 24. Kd2 f6 0-1

[Event "Challenge"]
[Site "http://www.queenalice.com/game.php?id=1084937"]
[Date "2012.7.20"]
[Round "-"]
[White "Hourglass"]
[Black "Kirita"]
[Result "1-0"]
[WhiteElo "2038"]
[BlackElo "1773"]

1. e4 e5 2. Nf3 d6 3. d4 f6 4. d5 Bg4 5. Be2 h5 6. Nc3 Bxf3 7. Bxf3 g6 8. Be3 g5
9. Bxh5+ Ke7 10. Bg6 Nh6 11. h4 Ng4 12. Qxg4 Qd7 13. Bf5 Qd8 14. O-O-O Bg7 15.
hxg5 Nd7 16. gxf6+ Bxf6 17. Bg5 Rg8 18. Rh7+ Kf8 19. Bh6+ Bg7 20. Bxg7+ Ke8 21.
Bg6+ Ke7 22. Qe6# 1-0